Cómo nacen los objetos?: apuntes para una metodología proyectual

Na minha lista:
Detalhes bibliográficos
Autor principal: Munari, Bruno (autor)
Formato: Livro
Idioma:espanhol
Publicado em: Barcelona Gustavo Gili 1983
Edição:1a. ed
Assuntos:
Tags: Adicionar Tag
Sem tags, seja o primeiro a adicionar uma tag!

MARC

LEADER 00000nam a2200000 a 4500
001 UCJ2322
003 CL-VaPUC
008 061207e19830000SP |||||||||||||||||spa|d
020 |a 8425211549 
082 0 4 |a 745.2  |b MUN  |2 21 
100 |a Munari, Bruno  |e autor  |9 589429 
245 1 0 |a Cómo nacen los objetos?: apuntes para una metodología proyectual 
250 |a 1a. ed 
300 |a 383 p 
942 |c BK 
945 |d 20061207 00:00:00  |a jtorresc 
260 |a Barcelona  |b Gustavo Gili  |c 1983 
650 0 |a Diseño industrial  |9 262726 
650 0 |a Creatividad   |9 310816 
583 |a last modification  |c 20061207 00:00:00  |k Rodrigo Vera 
999 |c 318655  |d 318653 
952 |0 0  |1 0  |2 ddc  |4 0  |6 745_200000000000000_MUN_1983  |7 0  |8 R  |9 396627  |a BIBARQ  |b BIBARQ  |d 2019-11-22  |i 4305159  |l 9  |m 2  |o 745.2 MUN 1983  |p 4305159  |q 2025-05-20  |r 2025-05-05  |s 2025-05-05  |w 2019-11-22  |y BK  |k ARQ 
952 |0 0  |1 0  |2 ddc  |4 0  |6 745_200000000000000_MUN_1983  |7 0  |8 R  |9 396628  |a BIBEDU  |b BIBEDU  |d 2019-11-22  |i 4608674  |l 1  |o 745.2 MUN 1983  |p 4608674  |r 2021-07-30  |s 2021-05-27  |w 2019-11-22  |y BK  |k EPE 
952 |0 0  |1 0  |4 0  |6 745_200000000000000_MUN_1983  |7 0  |8 A  |9 396629  |a BIBEDU  |b BIBEDU  |d 2019-11-22  |i 4608682  |o 745.2 MUN 1983  |p 4608682  |r 2019-11-22  |w 2019-11-22  |y BK  |k EPE